000 00843nam a2200229 a 4500
001 55820
003 BD-RjUL
005 20211209080322.0
008 161122s1972 bg ||||| |||| 00| 0 ben d
020 _c: TK 5.00
035 _a(BD-RjUL)55944
040 _aBD-RjUL
_bben
_cBD-RjUL
041 _aben
082 _223
_a891.443
_bRAD 1972
100 _aরাজ্জাক, সরদার আব্দুর
_9166208
245 1 0 _aঢেউয়ের নদী ক্লান্তপথ /
_cসরদার আব্দুর রাজ্জাক
260 _aঢাকা ;
_bনওরোজ কিতাবিস্তান,
_c১৯৭২
300 _a১৫৫ পৃ. ;
_c২১ সেমি .
650 _aবাংলা উপন্যাস
_9166209
650 _aBengali Fictions
_9166210
942 _2ddc
_cBK
999 _c55820
_d55820